<?xml version="1.0" encoding="UTF-8"?>
<record
    xmlns:xsi="http://www.w3.org/2001/XMLSchema-instance"
    xsi:schemaLocation="http://www.loc.gov/MARC21/slim http://www.loc.gov/standards/marcxml/schema/MARC21slim.xsd"
    xmlns="http://www.loc.gov/MARC21/slim">

  <leader>01831nam a22002177a 4500</leader>
  <controlfield tag="005">20250401052834.0</controlfield>
  <controlfield tag="008">250329b        |||||||| |||| 00| 0 eng d</controlfield>
  <datafield tag="020" ind1=" " ind2=" ">
    <subfield code="a">9789391211882</subfield>
  </datafield>
  <datafield tag="040" ind1=" " ind2=" ">
    <subfield code="c">AL</subfield>
  </datafield>
  <datafield tag="041" ind1=" " ind2=" ">
    <subfield code="a">Kannada</subfield>
  </datafield>
  <datafield tag="082" ind1=" " ind2=" ">
    <subfield code="2">23</subfield>
    <subfield code="a">346.048</subfield>
    <subfield code="b">IYEC</subfield>
  </datafield>
  <datafield tag="100" ind1=" " ind2=" ">
    <subfield code="a">Iyengar</subfield>
    <subfield code="9">207217</subfield>
  </datafield>
  <datafield tag="245" ind1=" " ind2=" ">
    <subfield code="a">Commentary on The Copyright Act</subfield>
  </datafield>
  <datafield tag="260" ind1=" " ind2=" ">
    <subfield code="a">Haryana</subfield>
    <subfield code="b">Lexis Nexis</subfield>
    <subfield code="c">2024</subfield>
  </datafield>
  <datafield tag="300" ind1=" " ind2=" ">
    <subfield code="a">ciii,1630 p.</subfield>
    <subfield code="b">HB</subfield>
    <subfield code="c">24.5x16 cm.</subfield>
  </datafield>
  <datafield tag="365" ind1=" " ind2=" ">
    <subfield code="a">1791</subfield>
    <subfield code="b">&#x20B9;2186.35</subfield>
    <subfield code="c">&#x20B9;</subfield>
    <subfield code="d">&#x20B9;2995.00</subfield>
    <subfield code="e">27%</subfield>
    <subfield code="f">14-03-2025</subfield>
  </datafield>
  <datafield tag="520" ind1=" " ind2=" ">
    <subfield code="a">yengar Commentary on the Copyright Act is a venerable authority about Intellectual Property Law, as is evident from the numerous editions and revisions over the past 65 years. The latest edition has been revised with a view to uphold the book&#x2019;s esteemed reputation.  It comprehensively covers the several amendments made to the Copyright Act to adapt to changing times and technological advancements. The book elucidates the growing global significance of Copyright Law amidst increasing instances of plagiarism.
The book navigates new complexities, such as online piracy, fair use, and licensing issues brought in by the digital age. The commentary underscores the imperative for India&#x2019;s Copyright Law to address emerging concerns and foster innovation in the wake of the fact that technology continues to shape creativity.
Key Features:
Exhaustive section-wise commentary on Copyright Law
Includes comprehensive coverage of the history of Copyright Act 
Incorporates important judicial developments and recent legislative changes
Provides references to the relevant sections of the new Criminal Laws namely, The Bharatiya Nyaya Sanhita, 2023, The Bharatiya Nagarik Suraksha Sanhita, 2023 and The Bharatiya Sakshya Adhiniyam, 2023</subfield>
  </datafield>
  <datafield tag="650" ind1=" " ind2=" ">
    <subfield code="a">Law</subfield>
    <subfield code="9">207189</subfield>
  </datafield>
  <datafield tag="700" ind1=" " ind2=" ">
    <subfield code="a">ARORA (Manish)</subfield>
    <subfield code="9">207190</subfield>
  </datafield>
  <datafield tag="942" ind1=" " ind2=" ">
    <subfield code="2">ddc</subfield>
    <subfield code="c">BK</subfield>
  </datafield>
  <datafield tag="999" ind1=" " ind2=" ">
    <subfield code="c">234059</subfield>
    <subfield code="d">234059</subfield>
  </datafield>
  <datafield tag="952" ind1=" " ind2=" ">
    <subfield code="0">0</subfield>
    <subfield code="1">0</subfield>
    <subfield code="2">ddc</subfield>
    <subfield code="4">0</subfield>
    <subfield code="7">0</subfield>
    <subfield code="8">Law</subfield>
    <subfield code="a">LL</subfield>
    <subfield code="b">LL</subfield>
    <subfield code="d">2025-03-26</subfield>
    <subfield code="e">MPP House Bengaluru -560009</subfield>
    <subfield code="g">2186.35</subfield>
    <subfield code="l">0</subfield>
    <subfield code="o">346.048 IYEC</subfield>
    <subfield code="p">LL002337</subfield>
    <subfield code="r">2025-03-29 04:05:15</subfield>
    <subfield code="v">2995.00</subfield>
    <subfield code="y">BK</subfield>
  </datafield>
</record>
